000 00966nam a2200277Ia 4500
003 OSt
005 20221005110353.0
006 a|||||r|||| 00| 0
007 ta
008 221004b |||||||| |||| 00| 0 hin d
020 _a9788189859879 (hbk)
_c150
024 _a95783
037 _b412, 23/03/2009, Swaraj Prakashan
_cTextual
040 _aCRL
_cCRL
_bhin
041 _2hin
_ahin
082 _aO152,1NMAx, P8
100 _aमंडलोई, लीलाधर
245 0 _aकवि ने कहा
246 _aKavi ne kahā
260 _aनई दिल्ली
_bकिताबघर प्रकाशन भारत
_c2008
300 _a125पृ0
_ccm.
490 _aकवि ने कहा सीरीज़
650 _aहिन्दी साहित्य
942 _hO152,1NMAx, P8
_cTEXL
_2cc
999 _c1018612
_d1018612